000 00914nas a2200277 4500
001 BR2013004438
003 BR-BrBNA
005 20231205122505.0
007 ta
008 230509b bl.|||p| |||| 00| 00por d
040 _aBR-BrBNA
_bpor
_cBiblioteca Nacional de Agricultura
041 _a(Pt)
072 _aQ04; Q02
100 1 _aCaetano, P.K.
100 1 _aDaiuto, E.R.
100 1 _aVieites, R.L.
245 1 _aCaracterística físico-química e sensorial de geleia elaborada com polpa e suco de acerola
650 _aFRUTA TROPICAL
650 _aPOLPA DE FRUTA
650 _aPROCESSAMENTO
650 _aANÁLISE ORGANOLÉPTICA
773 0 _tBrazilian Journal of Food Technology (Brazil)
_xISSN 1519-0900
_g(Jul-Sep 2012), V. 15(3) p. 191-197
_wBR2013004438
856 4 0 _uhttp://www.scielo.br/pdf/bjft/v15n3/aop_bjft_7710.pdf
909 _a202311
_bLúcia
_c55
_dLúcia Elande
942 _2AGRIS
_n0
_cANA
999 _c228920
_d228920